La formación profesional y el perfil del egresado de la Carrera de Comunicación Social de la Universidad Tecnológica de Santiago y el Centro Universitario Regional de Santiago 2010-2011 (Record no. 3)
[ view plain ]
| 000 -LEADER | |
|---|---|
| campo de control de longitud fija | 01592nam a2200433Ia 4500 |
| 001 - NÚMERO DE CONTROL | |
| campo de control | 2 |
| 003 - IDENTIFICADOR DE NÚMERO DE CONTROL | |
| campo de control | OSt |
| 005 - FECHA Y HORA DE LA ÚLTIMA TRANSACCIÓN | |
| campo de control | 20250314135614.0 |
| 008 - DATOS DE LONGITUD FIJA--INFORMACIÓN GENERAL | |
| campo de control de longitud fija | 241029s2011 dr a d qm 000 0 spa d |
| 010 ## - NÚMERO DE CONTROL DE LA BIBLIOTECA DEL CONGRESO | |
| Número de control de LC | 3 |
| 040 ## - FUENTE DE CATALOGACIÓN | |
| Centro catalogador/agencia de origen | CGIP0040 |
| Lengua de catalogación | spa |
| Centro/agencia transcriptor | CGIP0040 |
| Normas de descripción | rda |
| 041 ## - CÓDIGO DE IDIOMA | |
| Código de lengua del texto/banda sonora o título independiente | Español |
| 082 ## - NÚMERO DE LA CLASIFICACIÓN DECIMAL DEWEY | |
| Número de clasificación | ST MA-ES 0010 FH 2011 |
| 245 #0 - MENCIÓN DEL TÍTULO | |
| Título | La formación profesional y el perfil del egresado de la Carrera de Comunicación Social de la Universidad Tecnológica de Santiago y el Centro Universitario Regional de Santiago 2010-2011 |
| 260 ## - PUBLICACIÓN, DISTRIBUCIÓN, ETC. | |
| Lugar de publicación, distribución, etc. | Santiago |
| 300 ## - DESCRIPCIÓN FÍSICA | |
| Extensión | 78 |
| 520 ## - RESUMEN, ETC. | |
| Sumario, etc. | 29 |
| 520 ## - RESUMEN, ETC. | |
| Sumario, etc. | Los avances tecnológicos obtenidos en las comunicaciones han permitido que hoy experimenten los fenómenos de la globalización, la cual ha transformado no solamente a la sociedad económica del mundo, sino también a toda sociedad. |
| 630 ## - PUNTO DE ACCESO ADICIONAL DE MATERIA--TÍTULO UNIFORME | |
| Título uniforme | Formación Profesional de Maestros |
| 630 ## - PUNTO DE ACCESO ADICIONAL DE MATERIA--TÍTULO UNIFORME | |
| Título uniforme | Perfil Profesional |
| 650 ## - PUNTO DE ACCESO ADICIONAL DE MATERIA--TÉRMINO DE MATERIA | |
| Término de materia o nombre geográfico como elemento de entrada | Formación Técnico Profesional |
| 690 ## - PUNTO DE ACCESO ADICIONAL DE MATERIA LOCAL--TÉRMINO DE MATERIA (OCLC, RLIN) | |
| Término de materia o nombre geográfico como elemento inicial | Copiado sin cambios |
| 700 ## - ENTRADA AGREGADA--NOMBRE PERSONAL | |
| Término indicativo de función/relación | asesor |
| Nombre de persona | Espinal Almonte, Juan Antonio |
| 700 ## - ENTRADA AGREGADA--NOMBRE PERSONAL | |
| Término indicativo de función/relación | autor |
| Nombre de persona | De los Santos Recio, Miriam |
| 700 ## - ENTRADA AGREGADA--NOMBRE PERSONAL | |
| Término indicativo de función/relación | autor |
| Nombre de persona | Pichardo Martinez, Margarita |
| 856 ## - LOCALIZACIÓN Y ACCESO ELECTRÓNICOS | |
| Identificador Uniforme de Recurso | <a href="https://inered.gob.do/fichanueva.php?id=2">https://inered.gob.do/fichanueva.php?id=2</a> |
| 901 ## - ELEMENTOS DE DATOS A LOCAL LDA (RLIN) | |
| a | {"1":"De los Santos Recio","2":"Pichardo Martinez"} |
| b | {"1":"Miriam","2":"Margarita"} |
| 902 ## - ELEMENTOS DE DATOS B LOCAL, LDB (RLIN) | |
| a | 1 |
| 903 ## - ELEMENTOS DE DATOS C LOCAL, LDC (RLIN) | |
| a | {"1":"Espinal Almonte"} |
| b | {"1":"Juan Antonio"} |
| 904 ## - ELEMENTOS DE DATOS D LOCAL, LDD (RLIN) | |
| a | Maestría en |
| 905 ## - ELEMENTOS DE DATOS E LOCAL, LDE (RLIN) | |
| a | Enseñanza Superior |
| 906 ## - ELEMENTOS DE DATOS F LOCAL, LDF (RLIN) | |
| a | 2 |
| 907 ## - ELEMENTOS DE DATOS G LOCAL, LDG (RLIN) | |
| a | NO APLICA |
| 908 ## - COLOCAR PARÁMETRO DE COMANDO (RLIN) | |
| Colocar parámetro de comando | NO APLICA |
| 910 ## - DATOS DE OPCIÓN DEL USUARIO (OCLC) | |
| Datos de opción del usuario | NULL |
| 911 ## - EQUIVALENCIA O REFERENCIA-CRUZADA-NOMBRE DE CONFERENCIA O REUNIÓN/CONGRESO [LOCAL, CANADÁ] | |
| Nombre de congreso/reunión o jurisdicción como elemento de entrada | ["1"] |
| 942 ## - ELEMENTOS DE ENTRADA SECUNDARIOS (KOHA) | |
| Tipo de ítem Koha | |
| Fuente de la clasificación o esquema de estantería | Clasificación Decimal Dewey |
| Estatus retirado | Estado de pérdida | Fuente de la clasificación o esquema de estantería | Estado de daño | No para préstamo | Biblioteca de origen | Biblioteca actual | Fecha de adquisición | Total de préstamos | Signatura topográfica completa | Visto por última vez | Identificador uniforme de recursos | Precio de reemplazo | Tipo de ítem Koha |
|---|---|---|---|---|---|---|---|---|---|---|---|---|---|
| Clasificación Decimal Dewey | Repositorio INERED | Repositorio INERED | 14/03/2025 | ST MA-ES 0010 FH 2011 | 14/03/2025 | https://inered.gob.do/fichanueva.php?id=2 | 14/03/2025 | Tesis digital |